00325nam a22001337a 4500003000400000005001700004007001000021008004100031020001800072040000600090082001500096245005100111260002900162OSt20240905093228.0219 Pages240905b |||||||| |||| 00| 0 eng d a9788194790839 c  a154.2bMUR aPower of your subconscious mindcMurphy,Joseph bsrishti Publishersc2020